Score 0/40 Timer 05:00
5 Plays Today
% Correct
Chocolate
97.8%
Grey
97.7%
Hunger
97.4%
Moby
97.4%
Christmas
97.3%
Azkaban
97.3%
Peter
97.2%
Kill
97.2%
Gatsby
97.2%
Pi
96.7%
Peace
96.6%
Jekyll
96.6%
Expect
96.5%
Animal
96.3%
Wild
96.1%
Hitchhiker's
96.1%
Jurassic
96%
Flies
95.8%
World
95.4%
Caterpillar
95.2%
% Correct
Wuthering
95%
Wrath
94.8%
Scarlet
94.8%
Ice
94.6%
American
94.6%
Catch
94.5%
Horse
94.2%
People
94.2%
King's
94%
Quixote
94%
Women
93.9%
Pauper
93.9%
Cancer
93.4%
Soldier
93.4%
Sea
92.6%
Species
92.4%
Soul
91.8%
Kite
91.4%
Bovary
91.4%
Slaughterhouse
89.6%
Remove Ads.
Support Sporcle.
Get the best of Sporcle when you Go Orange. This ad-free experience offers more features, more stats, and more fun while also helping to support Sporcle. Thank you for becoming a member.

You're not logged in!

Compare scores with friends on all Sporcle quizzes.
OR
Log In

Show Comments

Extras

Top Quizzes Today


Score Distribution

Your Account Isn't Verified!

In order to create a playlist on Sporcle, you need to verify the email address you used during registration. Go to your Sporcle Settings to finish the process.

Report this User

Report this user for behavior that violates our Community Guidelines.

Details: